Petit Bac - Pokémon de la 3ème Generation - Statistiques

Statistiques générales
  • Ce quiz a été pris 101 fois
  • Le résultat moyen est 19 sur 21
Statistiques - réponses
Lettre Pokemon % Correct
A (9) Arcko | Armulys | Arakdo | Azurill | Avaltout | Altaria | Anorith | Armaldo | Absol
98%
P (7) Poussifeu | Papinox | Pifeuil | Parecool | Posipi | Polichombr | Phogleur
98%
B (10) Brasegali | Blindalys | Bekipan | Balignon | Brouhabam | Barloche | Barbicha | Balbuto | Barpau | Branette
96%
G (12) Galifeu | Gobou | Grahyèna | Grainipiot | Goélise | Gardevoir | Galekid | Galegon | Galeking | Gloupti | Groret | Groudon
96%
C (13) Chenipotte | Charmillon | Chapignon | Chuchmur | Charmina | Carvanha | Chamallot | Camérupt | Chartor | Cacnea | Cacturne | Colhomard | Coquiperl
95%
K (6) Kirlia | Kraknoix | Kaorine | Kecleon | Kaimorse | Kyogre
95%
M (14) Massko | Medhyèna | Maskadra | Monaflèmit | Munja | Makuhita | Mysdibule | Méditikka | Muciole | Mangriff | Milobellus | Morphéo | Métang | Métalosse
95%
J (2) Jungko | Jirachi
94%
L (10) Laggron | Linéon | Lombre | Ludicolo | Lumivole | Libégon | Lilia | Lovdisc | Latias | Latios
94%
N (5) Nénupiot | Nirondelle | Ningale | Ninjask | Négapi
94%
R (8) Ramboum | Rosélia | Rosabyss | Relicanth | Regirock | Regice | Registeel | Rayquaza
93%
T (8) Tengalice | Tarsal | Tarinor | Ténéfix | Tylton | Téraclope | Tropius | Terhal
92%
D (6) Delcatty | Dynavolt | Draby | Drackhaus | Drattak | Déoxys
89%
S (10) Skitty | Sharpedo | Spoink | Spinda | Séviper | Séléroc | Solaroc | Skélénox | Stalgamin | Serpang
89%
E (3) Élecsprint | Écrapince | Éoko
87%
O (3) Okéoké | Oniglali | Obalie
84%
V (3) Vigoroth | Vibraninf | Vacilys
84%
W (2) Wailmer | Wailord
81%
H (2) Hélédelle | Hariyama
80%
Z (1) Zigzaton
76%
F (1) Flobio
61%
Aucun quiz correspondant
Distribution des résultats
% des personnes avec chaque résultat
Percentile par nombre de réponses
Votre historique - résultats
Vous n’avez pas pris ce quiz